[Event "Wch U20 Girls"]
[Site "Halle"]
[Date "1995.??.??"]
[Round "7"]
[White "Kadimova, Ilaha"]
[Black "Zhu Chen"]
[Result "0-1"]
[WhiteElo "2305"]
[BlackElo "2390"]

1.d4 Nf6 2.c4 e6 3.Nf3 Bb4+ 4.Bd2 Qe7 5.g3 Nc6 6.Bg2 Bxd2+ 7.Nbxd2 d6 8.O-O a5
9.e4 e5 10.d5 Nb8 11.Ne1 O-O 12.Nd3 Bg4 13.f3 Bd7 14.b3 Na6 15.a3 c6 16.Re1 cxd5
17.exd5 Qd8 18.Kh1 Qb6 19.Qe2 Bf5 20.Qe3 Qc7 21.Nb2 Nd7 22.f4 f6 23.Be4 exf4
24.gxf4 Rae8 25.Qc3 Bxe4+ 26.Nxe4 Ndc5 27.Nd2 Qb6 28.Qd4 Qd8 29.Rxe8 Rxe8
30.Rg1 Re2 31.Nd1 Qe7 32.Nc3 Re3 33.Nd1 Rd3 34.Qf2 Ne4 35.Nxe4 Qxe4+ 36.Qg2 Qxg2+
37.Kxg2 Rxb3 38.Re1 Kf7 39.Re3 Rxe3 40.Nxe3 g6 41.Kf3 Nc5 42.Nd1 f5 43.Nc3 Kg7
44.Ke3 Kf6 45.h4 h6 46.Kd4 Ke7 47.Ke3 Kf7 48.Nb5 Ne4 49.Nd4 Kf6 50.Ne6 g5
51.hxg5+ hxg5 52.fxg5+ Nxg5 53.Nf8 Ne4 54.Kf4 Nc5 55.Nh7+ Kg6 56.Nf8+ Kg7
57.Ne6+ Nxe6+ 58.dxe6 Kf6 59.e7 Kxe7 60.Kxf5 Kd7 61.Ke4 Kc6 62.Kd4 b5 63.cxb5+ Kxb5
64.Kc3 Ka4  0-1

[Event "Wch U20 Girls"]
[Site "Halle"]
[Date "1995.??.??"]
[Round "8"]
[White "Zhu Chen"]
[Black "Medvegy, Nora"]
[Result "1-0"]
[WhiteElo "2390"]
[BlackElo "2265"]

1.d4 c5 2.d5 e6 3.c4 exd5 4.cxd5 f5 5.Nc3 Nf6 6.g3 g6 7.Bg2 d6 8.Nh3 Na6
9.O-O Bg7 10.Bf4 Nh5 11.Bg5 Qd7 12.Bf3 Nf6 13.Nf4 Nc7 14.Ne6 Kf7 15.e4 Nxe6
16.dxe6+ Qxe6 17.exf5 Qxf5 18.Qb3+ Be6 19.Qxb7+ Nd7 20.Ne4 Be5 21.g4 Bxh2+
22.Kxh2 Qe5+ 23.Kg1 h5 24.Nxd6+ Qxd6 25.Rad1 Rab8 26.Rxd6  1-0

[Event "Wch U20 Girls"]
[Site "Halle"]
[Date "1995.??.??"]
[Round "9"]
[White "Zhu Chen"]
[Black "Peptan, Corina"]
[Result "1-0"]
[WhiteElo "2390"]
[BlackElo "2340"]

1.d4 Nf6 2.Nf3 g6 3.Bg5 Bg7 4.Nbd2 O-O 5.c3 d6 6.e4 c5 7.dxc5 dxc5 8.h3 Nc6
9.Be2 Qc7 10.O-O b6 11.Qc2 Bb7 12.Rfe1 Rad8 13.a4 Nh5 14.Bf1 Rd7 15.Nc4 h6
16.Be3 Rfd8 17.e5 Nxe5 18.Nfxe5 Bxe5 19.Nxe5 Qxe5 20.Bxh6 Qf6 21.Qc1 Rd5
22.Be3 a5 23.b4 cxb4 24.cxb4 axb4 25.Qc7 R8d7 26.Qxb6 Qh4 27.Rab1 b3 28.Qxb3 Nf4
29.Qb4 Rf5 30.a5 Qg5 31.g3 e5 32.Bxf4 exf4 33.Re8+ Kh7 34.g4 Rf6 35.Qf8  1-0

[Event "Wch U20 Girls"]
[Site "Halle"]
[Date "1995.??.??"]
[Round "10"]
[White "Khurtsidze, Nino"]
[Black "Zhu Chen"]
[Result "1/2-1/2"]
[WhiteElo "2295"]
[BlackElo "2390"]

1.d4 Nf6 2.Nf3 d5 3.g3 Bg4 4.Bg2 e6 5.O-O Nbd7 6.c4 c6 7.cxd5 exd5 8.Nc3 Bd6
9.h3 Bf5 10.Nh4 Be6 11.Qc2 O-O 12.Nf5 Bb4 13.a3 Bxc3 14.bxc3 Bxf5 15.Qxf5 Re8
16.Qd3 Nb6 17.Bg5 h6 18.Bxf6 Qxf6 19.a4 Qe6 20.Rfb1 Rab8 21.e3 Nc4 22.a5 Nd6
23.Rb4 g5 24.Rab1 Re7 25.Qd1 f5 26.Kh2 Kh7 27.R4b2 Qf7 28.Re2 Rbe8 29.Rbb2 Qh5
30.Red2 Qxd1 31.Rxd1 f4 32.exf4 gxf4 33.g4 Nc4 34.Ra2 Re2 35.Rda1 Nd2 36.Kg1 Nb3
37.Rxe2 Rxe2 38.Ra3 Re1+ 39.Kh2 Nd2 40.h4 Kg7 41.Ra4 Nc4 42.a6 b5 43.Ra2 Kf6
44.Bh3 Nb6 45.Rc2 Ra1 46.Kg2 Nc4 47.Kf3 b4 48.cxb4 Ra3+ 49.Kg2 Rxa6 50.Re2 Ra4
51.g5+ hxg5 52.Re6+ Kg7 53.hxg5 Rxb4 54.Bf5 Rb7 55.Rxc6 a5 56.Ra6 a4 57.Rxa4 Nd6
58.Bd3 Nf7 59.Ra6 Rb4 60.Ra7 Rxd4 61.Bf5 Kf8 62.g6 Ng5 63.Rd7 Rd1 64.Bc2 f3+
65.Kg3 Ne4+ 66.Kf4 Rg1 67.Rxd5 Nxf2 68.Kxf3 Nh3 69.Rd7 Kg8 70.Bf5 Rf1+ 71.Ke4 Re1+
72.Kd5 Rd1+ 73.Ke6 Rxd7 74.Kxd7  1/2-1/2

[Event "Wch U20 Girls"]
[Site "Halle"]
[Date "1995.??.??"]
[Round "11"]
[White "Repkova Eid, Eva"]
[Black "Zhu Chen"]
[Result "0-1"]
[WhiteElo "2320"]
[BlackElo "2390"]

1.e4 e5 2.Nf3 Nf6 3.Nxe5 d6 4.Nf3 Nxe4 5.Nc3 Nxc3 6.dxc3 Be7 7.Be3 Nc6 8.Qd2 Ne5
9.Nd4 c5 10.Nb3 Be6 11.Bb5+ Nc6 12.O-O-O O-O 13.Qe2 Qc8 14.Bc4 Re8 15.Bd5 Bf8
16.Rhe1 a5 17.Kb1 a4 18.Nc1 Bxd5 19.Rxd5 Qe6 20.Qd1 a3 21.b3 Nd4 22.Rh5 Nb5
23.Ne2 Qg4 24.Rd5 Qxg2 25.c4 Nc7 26.Rf5 g6 27.Rg5 Qf3 28.h4 b5 29.cxb5 Nxb5
30.Qd3 Rab8 31.c3 Qf6 32.Rg4 Bg7 33.Rc1 Qe6 34.Rc4 Nc7 35.Nf4 Qf6 36.Rd1 Bf8
37.h5 d5 38.Ra4 Qc6 39.hxg6 hxg6 40.Ra5 Red8 41.Rg1 Rb6 42.Rxa3 d4 43.Bc1 Nb5
44.Ra5 Nxc3+ 45.Kc2 Nd5 46.Nxd5 Qxd5 47.Rg5 Qe6 48.f4 c4 49.bxc4 Rb4 50.Rad5 Rc8
51.c5 Qc6 52.a3 Rb5 53.Kd1 Rxc5 54.Rxc5 Bxc5 55.f5 Be7 56.Bf4 Bxg5 57.fxg6 Bxf4
58.gxf7+ Kf8 59.Qh7 Qc1+  0-1

[Event "Kishinev Interzonal (Women)"]
[Site "Kishinev"]
[Date "1995.??.??"]
[Round "1"]
[White "Zhu Chen"]
[Black "Janjgava, Natia"]
[Result "1-0"]
[WhiteElo "2390"]
[BlackElo "2280"]

1.d4 Nf6 2.Nf3 g6 3.Bg5 Bg7 4.Nbd2 d6 5.e4 O-O 6.Be2 h6 7.Bh4 Nh5 8.c3 Qe8
9.O-O e5 10.dxe5 dxe5 11.Re1 Nc6 12.Qb3 Nf4 13.Bf1 Rb8 14.Qa3 Bg4 15.h3 Be6
16.b4 a6 17.Nb3 f5 18.Nfd2 g5 19.Bg3 fxe4 20.Nxe4 Kh8 21.Nbc5 Bf5 22.Qb2 Qg6
23.f3 a5 24.b5 Nd8 25.Rad1 Rc8 26.Nf2 b6 27.Nce4 Nf7 28.c4 Ne6 29.Qc3 c6
30.bxc6 Rxc6 31.Qb2 Nf4 32.Qa3 Rfc8 33.Rd2 Bf8 34.Qb2 Bg7 35.Red1 Be6 36.Qb5 Bxc4
37.Bxc4 Rxc4 38.Bxf4 exf4 39.Nd6 Nxd6 40.Rxd6 Qe8 41.Qxb6 R4c6 42.Rxc6 Qxc6
43.Qxa5 Ra8 44.Rd8+ Rxd8 45.Qxd8+ Kh7 46.Kh2 Qc5 47.Qd3+ Kh8 48.Ne4 Qc1 49.Nd6 Qe1
50.Nf5 Qe6 51.a4 Kg8 52.a5 Bf8 53.Nd4 Qe1 54.Qg6+ Kh8 55.Qf6+ Bg7 56.Qd8+ Kh7
57.Nf5 Kg6 58.Qe7  1-0

[Event "Kishinev Interzonal (Women)"]
[Site "Kishinev"]
[Date "1995.??.??"]
[Round "4"]
[White "Misanovic, Vesna"]
[Black "Zhu Chen"]
[Result "1/2-1/2"]
[WhiteElo "2340"]
[BlackElo "2390"]

1.d4 Nf6 2.c4 e6 3.Nf3 Bb4+ 4.Nbd2 b6 5.a3 Bxd2+ 6.Bxd2 Ne4 7.g3 Bb7 8.Bg2 Nxd2
9.Qxd2 d6 10.O-O O-O 11.Rad1 Qe7 12.Rfe1 a5 13.e4 e5 14.b4 Re8 15.dxe5 dxe5
16.b5 Qxa3 17.Nxe5 Qe7 18.Nf3 a4 19.Nd4 a3 20.Nf5 Qe5 21.Qg5 g6 22.Rd8 Nd7
23.Rxd7 Qxf5 24.exf5 Rxe1+ 25.Bf1 a2 26.Rd8+ Re8 27.Rxe8+ Rxe8 28.Qc1 Ra8
29.Qa1 gxf5 30.c5 Bd5 31.cxb6 cxb6 32.Bg2 Bxg2 33.Kxg2 Ra3 34.Kf1 f6 35.Ke1 Kf7
36.Kd1 Kg6 37.Kc1 Ra5 38.h4 h5 39.Kc2 Ra3 40.Kb2 Ra5 41.Kc3 Ra3+  1/2-1/2

[Event "Kishinev Interzonal (Women)"]
[Site "Kishinev"]
[Date "1995.??.??"]
[Round "5"]
[White "Zhu Chen"]
[Black "Kachiani Gersinska, Ketino"]
[Result "0-1"]
[WhiteElo "2390"]
[BlackElo "2360"]

1.d4 Nf6 2.Nf3 g6 3.Bg5 Bg7 4.Nbd2 d5 5.e3 O-O 6.Be2 Nbd7 7.O-O b6 8.Bh4 Bb7
9.b4 Re8 10.a4 a6 11.Qb1 e5 12.c3 e4 13.Ne1 h6 14.Nc2 Nf8 15.b5 a5 16.Na3 g5
17.Bg3 h5 18.h3 Ng6 19.Qd1 h4 20.Bh2 Bc8 21.c4 Bf5 22.cxd5 Nxd5 23.Rc1 Qd7
24.Nab1 Rac8 25.Nc4 Kh7 26.Nc3 Nxc3 27.Rxc3 f6 28.Nd2 Bf8 29.Bh5 Kg7 30.Nc4 Bb4
31.Rc2 Rh8 32.Bg4 Ne7 33.Bxf5 Qxf5 34.f3 Nd5 35.Rcf2 exf3 36.Rxf3 Qe4 37.Qe2 Rhf8
38.Qf2 c6 39.Bd6 cxb5 40.Bxf8+ Rxf8 41.axb5 a4 42.Ne5 Bd6 43.Nd7 Bg3 44.Qd2 Rf7
45.Ne5 Rc7 46.Nc6 Bd6 47.Rc1 Rc8 48.Qc2 Qxc2 49.Rxc2 Re8 50.Ra2 a3 51.e4 Rxe4
52.Rfxa3 Bxa3 53.Rxa3 Re2 54.Ra7+ Kh6 55.Nd8 Ne3 56.Nf7+ Kg6 57.d5 Nxd5 58.Nh8+ Kf5
59.Kf1 Rb2 60.Ra3 Rxb5 61.g3 hxg3 62.Rxg3 Kf4 63.Ra3 Rb2 64.Ng6+ Ke4 65.h4 g4
66.Rg3 Ne3+ 67.Kg1 f5 68.Rxe3+ Kxe3 69.h5 g3 70.Nh4 Rh2 71.Nxf5+ Kf4 72.Ng7 Kf3
73.Ne6 Rxh5 74.Nd4+ Ke3 75.Nc2+ Kd3 76.Nb4+ Kc4 77.Nc6 Rc5  0-1

[Event "Kishinev Interzonal (Women)"]
[Site "Kishinev"]
[Date "1995.??.??"]
[Round "6"]
[White "Maric, Alisa"]
[Black "Zhu Chen"]
[Result "1-0"]
[WhiteElo "2445"]
[BlackElo "2390"]

1.Nf3 d5 2.d4 Nf6 3.c4 c6 4.Qc2 Bg4 5.Ne5 Bh5 6.cxd5 cxd5 7.e4 Nbd7 8.exd5 Bg6
9.Nxg6 hxg6 10.Nc3 a6 11.g3 Nb6 12.Bg2 Nbxd5 13.Qb3 e6 14.Qxb7 Bb4 15.O-O a5
16.Nxd5 Nxd5 17.Bg5 Rb8 18.Qc6+ Qd7 19.Bxd5  1-0

[Event "Kishinev Interzonal (Women)"]
[Site "Kishinev"]
[Date "1995.??.??"]
[Round "8"]
[White "Zhu Chen"]
[Black "Cosma, Elena Luminita"]
[Result "1-0"]
[WhiteElo "2390"]
[BlackElo "2330"]

1.d4 d5 2.c4 e6 3.Nf3 c6 4.e3 Nf6 5.Bd3 Nbd7 6.O-O dxc4 7.Bxc4 b5 8.Bd3 a6
9.a4 Bb7 10.Nbd2 Qb6 11.Qe2 Nd5 12.axb5 axb5 13.Rxa8+ Bxa8 14.Nb3 Nb4 15.Bb1 Na6
16.Bd2 c5 17.Ba5 Qb7 18.dxc5 Ndxc5 19.Nxc5 Nxc5 20.b4 Nb3 21.Bd3 Bd6 22.Qb2 Nxa5
23.Qxg7 Rf8 24.bxa5 b4 25.Rd1 Qc7 26.Qg5 f6 27.Qg4 f5 28.Bb5+ Ke7 29.Qh4+ Rf6
30.Qxh7+ Rf7 31.Qh4+ Rf6 32.Ng5 Rg6 33.Ne4+ Kf8 34.Qh8+ Rg8 35.Qf6+  1-0

[Event "Kishinev Interzonal (Women)"]
[Site "Kishinev"]
[Date "1995.??.??"]
[Round "9"]
[White "Shumiakina, Tatiana"]
[Black "Zhu Chen"]
[Result "1/2-1/2"]
[WhiteElo "2345"]
[BlackElo "2390"]

1.d4 d5 2.c4 c6 3.Nc3 Nf6 4.e3 a6 5.Bd3 dxc4 6.Bxc4 b5 7.Bd3 e6 8.Nf3 c5
9.O-O Nbd7 10.Qe2 Bb7 11.Rd1 Qb8 12.Bc2 cxd4 13.exd4 Nd5 14.Ne4 Be7 15.a3 Qc7
16.Bb1 N5f6 17.Bg5 Bd5 18.Nc3 Bb3 19.Rc1 Qb7 20.Ne5 Rc8 21.Bd3 Nxe5 22.dxe5 Nd5
23.Ne4 O-O 24.Qh5 Bxg5 25.Rxc8 Qxc8 26.Nd6 g6 27.Qxg5 Qd8 28.Qg3 Qb6 29.h4 Qd4
30.h5 Qf4 31.hxg6 fxg6 32.Qxf4 Nxf4 33.Be4 Bd5 34.g3 Bxe4 35.Nxe4 Nd5 36.Kg2 Rc8
37.Rd1 Rc2 38.Rd2 Rc1 39.Nf6+ Nxf6 40.exf6 Kf7 41.Rd6 Rc2 42.b4 Kxf6 43.Rxa6 Rb2
44.Ra5 Rb3 45.g4 e5 46.Ra7 h6 47.Ra5 h5 48.gxh5 gxh5  1/2-1/2

[Event "Kishinev Interzonal (Women)"]
[Site "Kishinev"]
[Date "1995.??.??"]
[Round "10"]
[White "Zhu Chen"]
[Black "Semenova, Lidia K"]
[Result "1-0"]
[WhiteElo "2390"]
[BlackElo "2310"]

1.d4 f5 2.c4 Nf6 3.g3 e6 4.Bg2 d5 5.Nf3 c6 6.O-O Bd6 7.b3 Qe7 8.Bb2 O-O 9.Nbd2 Bd7
10.Ne5 g5 11.f3 Be8 12.e4 dxe4 13.fxe4 Bxe5 14.dxe5 Ng4 15.Qe2 Qc5+ 16.Kh1 Qe3
17.Rae1 Qxe2 18.Rxe2 Bg6 19.exf5 Rxf5 20.Rxf5 Bxf5 21.Nf3 Na6 22.h3 Nh6 23.Nxg5 Nf7
24.Nxf7 Kxf7 25.g4 Bb1 26.Ba3 Rh8 27.Rb2 Bg6 28.Rf2+ Ke8 29.h4 Nb8 30.Rf6 Bf7
31.Rh6 Nd7 32.Bd6 Bg6 33.h5 Bb1 34.Rxe6+ Kd8 35.a3 Ba2 36.Be4 Bxb3 37.Bf5 Bxc4
38.Re7 Nb6 39.Rxb7 Ba6 40.Rxa7  1-0

[Event "Kishinev Interzonal (Women)"]
[Site "Kishinev"]
[Date "1995.??.??"]
[Round "12"]
[White "Foisor, Cristina Adela B"]
[Black "Zhu Chen"]
[Result "0-1"]
[WhiteElo "2345"]
[BlackElo "2390"]

1.c4 e5 2.g3 Nf6 3.Bg2 d5 4.cxd5 Nxd5 5.Nf3 Nc6 6.O-O Nb6 7.d3 Be7 8.a3 O-O
9.Nbd2 a5 10.b3 f6 11.Bb2 Be6 12.Qc2 Qd7 13.Rfd1 Rfd8 14.Rac1 Bf8 15.Qb1 Qf7
16.Qc2 Rd7 17.Ra1 Rb8 18.Nc4 a4 19.bxa4 Nxc4 20.dxc4 Rxd1+ 21.Rxd1 Bxc4 22.Rd2 Ra8
23.Ne1 Na5 24.Be4 g6 25.Qd1 Be6 26.Bc3 Nb3 27.Rd8 Rxd8 28.Qxd8 c6 29.Bb4 c5
30.Bc3 Nd4 31.Bxd4 cxd4 32.Nd3 Kg7 33.Nb4 f5 34.Bg2 Qd7 35.Qb6 e4 36.f3 d3
37.exd3 exd3 38.Nxd3 Qxd3 39.Qxb7+ Kg8 40.h4 Qxa3 41.Qc6 Qc5+ 42.Qxc5 Bxc5+
43.Kh2 Bd5 44.h5 Bb6 45.Kh3 g5 46.g4 f4 47.Bh1 Bc6 48.Bg2 Kg7 49.Kh2 h6 50.Kh3 Kf6  0-1

[Event "Lee Cup"]
[Site "Beijing"]
[Date "1996.??.??"]
[Round "1"]
[White "Zhu Chen"]
[Black "Smirin, Ilia"]
[Result "1-0"]
[WhiteElo "2420"]
[BlackElo "2625"]

1.d4 Nf6 2.c4 c5 3.d5 g6 4.Nc3 Bg7 5.Nf3 O-O 6.e4 e6 7.Bd3 d6 8.h3 Na6 9.O-O e5
10.a3 Nh5 11.Re1 h6 12.Bf1 Nf4 13.b4 g5 14.Nh2 f5 15.Rb1 Qf6 16.Be3 Qg6 17.bxc5 Nxc5
18.Bxc5 dxc5 19.g3 fxe4 20.gxf4 e3 21.Bd3 exf2+ 22.Kxf2 e4 23.Nxe4 Bxh3 24.Kg3 Bf5
25.fxg5 Rae8 26.Nf6+ Bxf6 27.Bxf5 Be5+ 28.Rxe5 Qxg5+ 29.Qg4 Rxe5 30.Qxg5+ hxg5
31.Be6+ Kg7 32.Rxb7+ Kg6 33.Ng4 Re1 34.Rb3 Rf4 35.Ne3 Rd4 36.Nc2 Rg1+ 37.Kf2 Rdd1
38.Ne3 Ra1 39.d6 Rh1 40.Rb8 Ra2+ 41.Kf3 Rxa3 42.d7 Re1 43.Bf5+ Kf7 44.Re8  1-0

[Event "Lee Cup"]
[Site "Beijing"]
[Date "1996.??.??"]
[Round "2"]
[White "Xu Yang"]
[Black "Zhu Chen"]
[Result "0-1"]
[WhiteElo "2355"]
[BlackElo "2420"]

1.d4 d5 2.Bg5 c6 3.Nf3 h6 4.Bh4 Bf5 5.e3 Nd7 6.c4 Qb6 7.Qd2 dxc4 8.Bxc4 Ngf6
9.Nc3 e6 10.O-O Bb4 11.Bd3 Bg4 12.a3 Be7 13.Rac1 O-O 14.Ne5 Nxe5 15.dxe5 Ne4
16.Bxe4 Bxh4 17.Qc2 Bh5 18.h3 Kh8 19.g3 Be7 20.Kg2 Rad8 21.f4 f6 22.g4 Bf7
23.exf6 Bxf6 24.Kf3 e5 25.fxe5 Bh4  0-1

[Event "Lee Cup"]
[Site "Beijing"]
[Date "1996.??.??"]
[Round "3"]
[White "Ehlvest, Jaan"]
[Black "Zhu Chen"]
[Result "1/2-1/2"]
[WhiteElo "2660"]
[BlackElo "2420"]

1.Nf3 d5 2.d4 Nf6 3.c4 c6 4.Nc3 e6 5.e3 Nbd7 6.Qc2 Bd6 7.Bd3 O-O 8.O-O dxc4
9.Bxc4 b5 10.Bd3 Bb7 11.a3 b4 12.axb4 Bxb4 13.e4 h6 14.Rd1 a5 15.Bf4 Qe7
16.h3 Rfc8 17.Bg3 c5 18.d5 c4 19.Bf1 Bxc3 20.bxc3 exd5 21.exd5 Bxd5 22.Re1 Be4
23.Qd1 Qc5 24.Nd4 Bg6 25.Bf4 Ne4 26.Qf3 Re8 27.Re2 a4 28.Rb2 Ra5 29.Rb7 Ne5  1/2-1/2

[Event "Lee Cup"]
[Site "Beijing"]
[Date "1996.??.??"]
[Round "4"]
[White "Zhu Chen"]
[Black "Ftacnik, Lubomir"]
[Result "1/2-1/2"]
[WhiteElo "2420"]
[BlackElo "2610"]

1.d4 Nf6 2.c4 g6 3.Nc3 d5 4.cxd5 Nxd5 5.e4 Nxc3 6.bxc3 Bg7 7.Nf3 c5 8.Rb1 O-O
9.Be2 Nc6 10.d5 Ne5 11.Nxe5 Bxe5 12.Qd2 Bg7 13.f4 e5 14.dxe6 Bxe6 15.Rxb7 Qa5
16.e5 Rfd8 17.Qe3 Rab8 18.Rxb8 Rxb8 19.O-O Qxa2 20.Bd3 Bd5 21.Rf2 Qb3 22.Bf1 Rc8
23.Qd3 Be6 24.Rb2 c4 25.Qd2 Qa3 26.Ra2 Qc5+ 27.Qf2 f6 28.Qxc5 Rxc5 29.exf6 Bxf6
30.Ra6 Kf7 31.Rxa7+ Kg8 32.Ra3 Rc7 33.Be2 h5 34.Kf2 Kg7 35.Be3 Kf7 36.Bb6 Rb7
37.Bc5 Rd7 38.Bb4 h4 39.Ra6 Rd2 40.Ke1 Rc2 41.Kd1 Rb2 42.Bf3 h3 43.gxh3 Rxh2
44.Ra7+ Kg8 45.Ra8+ Kf7 46.Bg4 Bxg4+ 47.hxg4 Rf2 48.Ra7+ Kg8 49.Ra8+ Kf7  1/2-1/2

[Event "Lee Cup"]
[Site "Beijing"]
[Date "1996.??.??"]
[Round "6"]
[White "Atalik, Suat"]
[Black "Zhu Chen"]
[Result "1/2-1/2"]
[WhiteElo "2525"]
[BlackElo "2420"]

1.d4 d5 2.c4 c6 3.Nf3 Nf6 4.Nc3 e6 5.g3 Nbd7 6.Bg2 dxc4 7.a4 Bb4 8.O-O O-O
9.Qc2 a5 10.Rd1 Qe7 11.Ne5 Nb6 12.Bg5 h6 13.Bxf6 Qxf6 14.Ne4 Qe7 15.Nxc4 Nxc4
16.Qxc4 e5 17.d5 cxd5 18.Qxd5 Bg4 19.Nc3 Bxc3 20.bxc3 Rac8 21.Qxb7 Qxb7 22.Bxb7 Rxc3
23.f3 Bc8 24.Be4 Ba6 25.Kf2 f5 26.Rdc1 Rxc1 27.Bd5+ Kh7 28.Rxc1 Rc8 29.Rxc8 Bxc8
30.f4 exf4 31.gxf4 Bd7 32.Bb3 g5 33.fxg5  1/2-1/2

[Event "Lee Cup"]
[Site "Beijing"]
[Date "1996.??.??"]
[Round "7"]
[White "Zhu Chen"]
[Black "Ulibin, Mikhail"]
[Result "1/2-1/2"]
[WhiteElo "2420"]
[BlackElo "2550"]

1.c4 Nf6 2.Nc3 c5 3.e4 Nc6 4.g3 b6 5.Bg2 Bb7 6.Nge2 g6 7.O-O Bg7 8.a3 O-O
9.Rb1 e6 10.b4 d6 11.d3 Qe7 12.f4 Nd7  1/2-1/2

[Event "Lee Cup"]
[Site "Beijing"]
[Date "1996.??.??"]
[Round "8"]
[White "Pigusov, Evgeny"]
[Black "Zhu Chen"]
[Result "1/2-1/2"]
[WhiteElo "2570"]
[BlackElo "2420"]

1.Nf3 d5 2.g3 c6 3.Bg2 Nf6 4.O-O Bf5 5.c4 e6 6.cxd5 exd5 7.d3 Be7 8.Qc2 O-O
9.a3 a5 10.Nbd2 h6 11.b3 Re8 12.Bb2 Na6 13.e4 Bh7 14.Rad1 Nc7 15.Nd4 Bf8
16.h3 c5 17.Ne2 b5 18.Nf4 d4 19.a4 bxa4 20.bxa4 Rb8 21.Nc4 Na6 22.Qd2 Nb4
23.h4  1/2-1/2

[Event "Lee Cup"]
[Site "Beijing"]
[Date "1996.??.??"]
[Round "9"]
[White "Zhu Chen"]
[Black "Tong Yuanming"]
[Result "0-1"]
[WhiteElo "2420"]
[BlackElo "2500"]

1.d4 g6 2.e4 c6 3.Nf3 d5 4.exd5 cxd5 5.c3 Bg7 6.Bf4 Nc6 7.Bd3 Nh6 8.O-O O-O
9.Re1 Bf5 10.Bxf5 Nxf5 11.Nbd2 e6 12.Ne5 Re8 13.Ndf3 f6 14.Nd3 b6 15.h3 Nd6
16.Re2 Qd7 17.Qb3 Na5 18.Qc2 Rac8 19.Rae1 Nac4 20.Qc1 Nf7 21.Bg3 Re7 22.Qd1 Rce8
23.Bh4 Nfd6 24.Bg3 Ne4 25.Bf4 a5 26.Qc2 Rc8 27.Nh2 g5 28.f3 Ned6 29.Bxd6 Nxd6
30.Qb3 Nc4 31.a4 Rce8 32.Ng4 Qc7 33.Qa2 Nd6 34.Ne3 Bf8 35.Rc1 Qd8 36.Nf2 Kg7
37.Qb3 Nf5 38.Rce1 Ng3 39.Rc2 Rd7 40.Qb5 Bd6 41.Nf1 Nf5 42.Rce2 Rde7 43.Ng4 Nh4
44.Nge3 Ng6 45.Rc2 Bb8 46.Rd1 Rd7 47.Kf2 Kf7 48.Ng3 Nf4 49.Ne2 Ree7 50.Nxf4 gxf4
51.Nf1 Rd6 52.Nd2 Qe8 53.Qxe8+ Rxe8 54.c4 Rc6 55.Rdc1 Rec8 56.Ke2 dxc4 57.Nxc4 Ke7
58.Kd3 Rd8 59.Na3 Rxc2 60.Rxc2 Kd7 61.Nb5 Re8 62.Nc3 f5 63.Nb5 h5 64.Na3 Bc7
65.Kc4 e5 66.dxe5 Rxe5 67.Kd4 Re1 68.Rd2 Kc6 69.Kc4 Be5 70.Nb5 Rc1+ 71.Kb3 Re1
72.Na3 Re3+ 73.Ka2 Kc5 74.Nc2 Bf6 75.Rd7 Re2 76.Rf7 Be5 77.Rxf5 Kd5 78.Kb3 Rxg2
79.Rxh5 Rf2 80.Ne1 Rxb2+  0-1

[Event "Lee Cup"]
[Site "Beijing"]
[Date "1996.??.??"]
[Round "10"]
[White "Xu Jun"]
[Black "Zhu Chen"]
[Result "0-1"]
[WhiteElo "2505"]
[BlackElo "2420"]

1.c4 e5 2.Nf3 Nc6 3.Nc3 Nf6 4.e3 Bb4 5.Qc2 O-O 6.a3 Be7 7.Be2 Re8 8.d3 Bf8
9.b4 a5 10.b5 Nb8 11.O-O h6 12.d4 exd4 13.exd4 d5 14.Bf4 Bg4 15.Ne5 Bxe2
16.Qxe2 c5 17.Qf3 cxd4 18.Nxd5 Nxd5 19.cxd5 Nd7 20.Nxd7 Qxd7 21.Rac1 Rac8
22.a4 Bc5 23.h3 b6 24.Rfd1 Qf5 25.g4 Qf6 26.Kg2 Rcd8 27.d6 Bxd6 28.Bxd6 Qxd6
29.Rc6 Qb8 30.Qg3 Qxg3+ 31.Kxg3 d3 32.Kg2 Re4 33.Rxb6 Rxa4 34.Ra6 Ra3 35.b6 Rb8
36.Kf1 a4 37.h4 g6 38.h5 gxh5 39.gxh5 Kg7 40.Kg2 Kf6 41.b7+ Kg5 42.Ra5+ f5
43.Rd5 Rxb7 44.R1xd3 Rxd3 45.Rxd3 Ra7  0-1

[Event "Wch U20 Girls"]
[Site "Medellin"]
[Date "1996.??.??"]
[Round "1"]
[White "Zhu Chen"]
[Black "Tkeshelashvili, Sofia"]
[Result "1/2-1/2"]
[WhiteElo "2420"]
[BlackElo "2170"]

1.d4 d5 2.c4 c6 3.Nc3 Nf6 4.Nf3 e6 5.Bg5 h6 6.Bxf6 Qxf6 7.e3 Nd7 8.a3 Qd8
9.b4 Bd6 10.Nd2 O-O 11.Be2 Bc7 12.f4 dxc4 13.Nxc4 Nf6 14.O-O Nd5 15.Qd2 a5
16.Rab1 axb4 17.axb4 Bd6 18.b5 Bb4 19.Rxb4 Nxb4 20.bxc6 bxc6 21.Ne4 Nd5 22.Nc5 Ba6
23.e4 Bxc4 24.Bxc4 Nb6 25.Bb3 Nd7 26.Na4 Qa5 27.Nc3 Rfb8 28.Ba4 Ra6 29.d5 cxd5
30.Bxd7 Rd6 31.Bxe6 fxe6 32.exd5 exd5 33.Qd4 Qb6 34.Rd1 Qxd4+ 35.Rxd4 Rbd8
36.Kf2 Kf7 37.Ke3 Ke6 38.Kd3 Rc6 39.Rb4 Rdc8 40.Ne2 Kd6 41.Ra4 Rc4 42.Ra6+ R8c6
43.Ra7 Rc7 44.Ra6+ Kc5 45.Ra5+ Kd6 46.Ra6+ R7c6 47.Ra7 Rc7  1/2-1/2

[Event "Wch U20 Girls"]
[Site "Medellin"]
[Date "1996.??.??"]
[Round "2"]
[White "Majigsuren, Dovdon"]
[Black "Zhu Chen"]
[Result "0-1"]
[WhiteElo "2110"]
[BlackElo "2420"]

1.e4 c5 2.Nf3 d6 3.d4 cxd4 4.Nxd4 Nf6 5.Nc3 a6 6.Bg5 e6 7.f4 Qc7 8.Qf3 Nc6
9.O-O-O Bd7 10.Bh4 Be7 11.Nb3 Rc8 12.g4 h6 13.Bxf6 Bxf6 14.h4 Nb4 15.Kb1 b5
16.Rh2 d5 17.e5 Be7 18.Bd3 Nxd3 19.Qxd3 Qc4 20.Qxc4 bxc4 21.Nd4 Rb8 22.b3 O-O
23.g5 Kh7 24.Kb2 a5 25.Rg2 Bc5 26.Nce2 a4 27.Rg3 axb3 28.axb3 cxb3 29.cxb3 Bb5
30.h5 Bxe2 31.Nxe2 Rb4 32.Rdd3 Re4 33.g6+ fxg6 34.hxg6+ Kg8 35.Rg2 Be3 36.f5 exf5
37.Rxd5 f4 38.Nc3 f3 39.Rc2 Bd4 40.Rxd4 Rxd4 41.Rf2 Rd3 42.b4 Re3 43.Kb3 Rc8  0-1

[Event "Wch U20 Girls"]
[Site "Medellin"]
[Date "1996.??.??"]
[Round "5"]
[White "Zhu Chen"]
[Black "Vajda, Szidonia"]
[Result "1-0"]
[WhiteElo "2420"]
[BlackElo "2285"]

1.d4 c5 2.d5 Nf6 3.Nc3 g6 4.e4 d6 5.Bb5+ Bd7 6.a4 b6 7.h3 Bg7 8.Nf3 O-O 9.O-O a6
10.Bc4 e5 11.dxe6 Bxe6 12.Qe2 Bxc4 13.Qxc4 b5 14.Qd3 b4 15.Nd5 Nxd5 16.Qxd5 Ra7
17.Bf4 Rd7 18.Rad1 Be5 19.Bg5 Bf6 20.Bf4 Be5 21.Bg5 Bf6 22.Bc1 Re8 23.b3 Re6
24.Rd3 Qe8 25.Bf4 Bc3 26.Rfd1 Rxe4 27.Bxd6 Re2 28.Qc4 Rd8 29.Bxc5 Rc8 30.Qh4 Nc6
31.Qh6 Bg7 32.Qf4 Rxc2 33.Re3 Ne5 34.Nxe5 R2xc5 35.Nxg6 hxg6 36.Rxe8+ Rxe8
37.Qxb4 Rc2 38.a5 Ree2 39.Rd8+ Kh7 40.Qh4+ Bh6 41.Qf6 Rc1+ 42.Kh2  1-0

[Event "Wch U20 Girls"]
[Site "Medellin"]
[Date "1996.??.??"]
[Round "7"]
[White "Zhu Chen"]
[Black "Peptan, Corina"]
[Result "1-0"]
[WhiteElo "2420"]
[BlackElo "2395"]

1.d4 Nf6 2.c4 e6 3.Nf3 c5 4.d5 exd5 5.cxd5 g6 6.Nc3 d6 7.h3 Bg7 8.e4 O-O
9.Bd3 Na6 10.O-O Nc7 11.a4 b6 12.Bf4 Ba6 13.Bxa6 Nxa6 14.Nd2 Re8 15.Re1 Nb4
16.Nc4 Bf8 17.Qd2 a6 18.Rad1 Ra7 19.Bg5 Rb7 20.f4 b5 21.axb5 axb5 22.Nxd6 Qxd6
23.e5 Qb6 24.Bxf6 c4+ 25.Kh2 Nd3 26.Re2 Bh6 27.g3 b4 28.Ne4 Nxe5 29.Bxe5 Rxe5
30.Nf6+ Qxf6 31.fxe5 Qf3 32.Qe1 c3 33.d6 cxb2 34.Rxb2 Qc6 35.e6 fxe6 36.Qxe6+ Kh8
37.Qf6+ Kg8 38.Qd8+ Bf8 39.Rbd2 Rd7 40.Qb8 Qc3 41.Rf2 Rf7 42.Rdf1 Rf5 43.d7 Qc5
44.Rxf5  1-0

[Event "Wch U20 Girls"]
[Site "Medellin"]
[Date "1996.??.??"]
[Round "8"]
[White "Krupkova, Petra"]
[Black "Zhu Chen"]
[Result "0-1"]
[WhiteElo "2325"]
[BlackElo "2420"]

1.e4 e5 2.Nf3 Nf6 3.Nxe5 d6 4.Nxf7 Kxf7 5.d4 Bg4 6.f3 Bh5 7.Bc4+ d5 8.exd5 Nxd5
9.Qd3 Kg8 10.O-O Bf7 11.Nc3 c6 12.Ne4 h6 13.Bd2 Nd7 14.g4 Qc7 15.Rf2 Bd6
16.Nxd6 Qxd6 17.f4 Re8 18.Raf1 N7f6 19.Rg2 Ne4 20.Bc1 b5 21.Bb3 a5 22.c3 a4
23.Bc2 Nb6 24.Re1 Nf6 25.Rxe8+ Nxe8 26.b3 axb3 27.axb3 Nd5 28.Rf2 Qe6 29.Bd2 Qxg4+
30.Rg2 Qd7 31.c4 Ndf6 32.Bc3 h5 33.Rg5 bxc4 34.bxc4 Qd6 35.d5 cxd5 36.cxd5 Qxf4
37.h4 Qxh4 38.Qf5 Rh6 39.Qe5 Bxd5 40.Bg6 Qh1+ 41.Kf2 Rxg6 42.Rxg6 Bf7 43.Rg2 Ng4+
44.Rxg4 hxg4 45.Qg3 Qh3 46.Be5 Qxg3+ 47.Kxg3 Nf6  0-1

[Event "Wch U20 Girls"]
[Site "Medellin"]
[Date "1996.??.??"]
[Round "11"]
[White "Skripchenko, Almira"]
[Black "Zhu Chen"]
[Result "0-1"]
[WhiteElo "2370"]
[BlackElo "2420"]

1.e4 c5 2.Nc3 g6 3.d4 Bg7 4.dxc5 Qa5 5.Bd2 Qxc5 6.Nf3 Nf6 7.Bd3 d6 8.h3 a6
9.O-O Qc7 10.Be3 b5 11.a4 b4 12.Na2 Nc6 13.Nd4 Rb8 14.Nxc6 Qxc6 15.f3 Qxa4
16.Qe2 O-O 17.Rfb1 Qc6 18.Nc1 d5 19.e5 Nd7 20.f4 Nc5 21.Nb3 Nxd3 22.cxd3 g5
23.Nd4 Qg6 24.Re1 gxf4 25.Bxf4 Bxh3 26.Nc6 Rb7 27.Rxa6 e6 28.Rb6 Bxg2 29.Kh2 Qf5
30.Qe3 d4 31.Nxd4 Qh5+ 32.Kxg2 Rxb6 33.Rh1 Qg4+ 34.Kf2 f6 35.Ke1 Ra6 36.Nb3 fxe5
37.Bxe5 Qf3 38.Qxf3 Rxf3 39.Bxg7 Kxg7 40.Rg1+ Kf6 41.Ke2 Rh3 42.Nc5 Ra2 43.Ne4+ Ke5  0-1

[Event "Wch U20 Girls"]
[Site "Medellin"]
[Date "1996.??.??"]
[Round "12"]
[White "Danielian, Elina"]
[Black "Zhu Chen"]
[Result "0-1"]
[WhiteElo "2330"]
[BlackElo "2420"]

1.b4 d5 2.Bb2 Nf6 3.e3 g6 4.Nf3 Bg7 5.Be2 O-O 6.c4 dxc4 7.Bxc4 Nbd7 8.d4 Nb6
9.Be2 c6 10.a4 Ne4 11.Nc3 Nd6 12.Nd2 e5 13.dxe5 Bxe5 14.Qc2 Bf5 15.e4 Be6
16.Nd1 Bxb2 17.Nxb2 a5 18.bxa5 Rxa5 19.Qc3 Qg5 20.O-O Rfa8 21.Nb3 Nxe4 22.Qb4 Bxb3
23.Qxb3 Nd5 24.Nc4 Nf4 25.Qf3 Nc3 26.Nxa5 Nfxe2+ 27.Kh1 Qxa5 28.Rfe1 Nd4
29.Qf6 Nde2 30.h3 Re8 31.Qf3 Qd5  0-1

[Event "Wch U20 Girls"]
[Site "Medellin"]
[Date "1996.??.??"]
[Round "13"]
[White "Zhu Chen"]
[Black "Li Ruofan"]
[Result "1-0"]
[WhiteElo "2420"]
[BlackElo "2230"]

1.c4 e6 2.d4 d5 3.Nc3 c6 4.Nf3 Nf6 5.Bg5 dxc4 6.e4 b5 7.e5 h6 8.Bh4 g5 9.Nxg5 hxg5
10.Bxg5 Nbd7 11.exf6 Bb7 12.g3 c5 13.d5 Bh6 14.Bxh6 Rxh6 15.Qd2 Qxf6 16.O-O-O Kf8
17.f3 exd5 18.Nxd5 Qd6 19.Nc7 Qxd2+ 20.Rxd2 Bxf3 21.Nxa8 Bxh1 22.Rxd7 Bxa8
23.Rd8+ Kg7 24.Rxa8 Rxh2 25.Rd8 Rh1 26.Rd1 Rg1 27.Be2 Rxg3 28.Rd5 Rg1+ 29.Bd1 Rg6
30.Rxc5 Rb6 31.Kc2 Kf6 32.Bf3 Rb8 33.Rc7  1-0